| 000 | 00351nam a2200145Ia 4500 | ||
|---|---|---|---|
| 008 | 150201s2002 xx 000 0 und d | ||
| 082 |
_a294.6 _bA2002S |
||
| 100 | _aSINGH | ||
| 245 | _aANAND PUR : THE CITY OF BLISS | ||
| 250 | _a1ST | ||
| 260 |
_bU.B.S.PUBLISHERS _aDELHI _c2002 |
||
| 300 | _aJan-96 | ||
| 650 | _aGENERAL DENTISTRY | ||
| 942 |
_2ddc _cBK |
||
| 999 |
_c4297 _d4297 |
||